000 00403pab a2200157 454500
008 180718b2007 xxu||||| |||| 00| 0 eng d
100 _aAggarwal, Pahlad
245 _aBullying in higher education sector: challenges ahead
260 _c2007
300 _ap.24-26.
362 _a8 Jan
650 _aHigher education
700 _aSamantaray, Sudhir K.
773 _aUniversity News
909 _a73053
999 _c73053
_d73053